• 首页
  • 本馆介绍
  • 公告通知
  • 最新文献
  • 馆藏检索
  • 电子资源
  • 读者导购
  • 参考咨询
  • 我的图书馆
  • 登录
  • 详细信息显示
  • 放入我的书架
  • 预约/预借图书
  • 作者相关作品
  • 分类相关作品
  • 丛书相关作品
  • 出版社相关作品

书目信息

  • 表格格式
  • 工作单格式
  • 卡片格式
题名:
婚嫁
    
 
作者: 鸿宇 编著
分册:  
出版信息: 北京   宗教文化出版社  2004
页数: 153页
开本: 23cm
丛书名: 天地人彩图系列
单 册:
中图分类: K892.22
科图分类:
主题词: 婚姻--风俗习惯--中国 , 婚姻 , 风俗习惯
电子资源:
ISBN: 7-80123-602-5
000 00807oam2 2200265 450
001 002744114
005 20061104104059.82
010    @a7-80123-602-5@dCNY30.00
100    @a20040802d2004 em y0chiy0110 ea
101 0  @achi
102    @aCN@b110000
105    @aa z 000yy
200 1  @a婚嫁@9hun jia@f鸿宇编著
210    @a北京@c宗教文化出版社@d2004
215    @a153页@c彩图@d23cm
225 0  @a天地人彩图系列@i中国民俗文化
330    @a本书以传统婚姻礼俗的主要形式为脉络,结合相关历史掌故和神话传说,阐述中国婚俗的发展、结婚程序、人们的婚俗观念等。
462  0 @12001 @a天地人彩图系列@i中国民俗文化
606 0  @a婚姻@x风俗习惯@y中国
606 0  @a婚姻
606 0  @a风俗习惯
690    @aK892.22@v4
701  0 @a鸿宇@9hong yu@4编著
801  0 @aCN@bNLC@c20061104
905    @a10447@dK892.22@e114
    
    婚嫁/鸿宇编著.-北京:宗教文化出版社,2004
    153页:彩图;23cm.-(天地人彩图系列.中国民俗文化)
    
    
    ISBN 7-80123-602-5:CNY30.00
    本书以传统婚姻礼俗的主要形式为脉络,结合相关历史掌故和神话传说,阐述中国婚俗的发展、结婚程序、人们的婚俗观念等。
●
相关链接 在E读中查询图书 在五车中查询图书 在当当中查询图书 在豆瓣中查询图书


正题名:婚嫁     索取号:K892.22/114         预约/预借

序号 登录号 条形码 馆藏地/架位号 状态 备注
1 0381279   203812794   第二样本阅览室/ [索取号:K892.22/114] 在馆    
2 0381280   203812801   第二借阅区/ [索取号:K892.22/114] 在馆    
3 0381281   203812810   第二借阅区/ [索取号:K892.22/114] 在馆    
4 0381282   203812829   第二借阅区/ [索取号:K892.22/114] 在馆    
5 0381283   203812838   第二借阅区/ [索取号:K892.22/114] 在馆    
唐山师范学院图书馆 欢迎您!
大连网信软件有限公司© 版权所有